000 00372nam a22001697a 4500
005 20160627142202.0
008 160627b xxu||||| |||| 00| 0 eng d
020 _a978-87-7688-570-0
041 _aeng
082 _b10634
100 _aL.Ron, Habard
_92932
245 _aWorks Problem
260 _bNew Era
300 _a125
650 _aManagement
_9241
942 _cBK
999 _c4244
_d4243